00307nam a2200121Ia 4500008004100000041000800041082001500049100002000064245002300084260003900107300003200146365000700178240624s9999 xx 000 0 und d aeng a170.44 COV aCOVEY STEPHEN R aEVERYDAY GREATNESS c2007aNew DelhibPearson Education axvii, : 445 : p. : cm. ; 23 cRS